000 00469nam a2200169 i 4500
001 33679
003 ES-MaACL
005 20230906154812.0
007 t|
008 030203s1946 xxk ||||1| eng d
100 1 _aBishop, F. P.
_929005
245 1 4 _aThe economics of advertising /
_cby F. P. Bishop.
250 _a3rd imp.
260 _aLondon :
_bRobert Hale,
_c[1946] (
_fT. and A. Constable)
300 _a199 p. ;
_c22 cm.
852 _aES-MaACL
_jC-4375
_bR.24148
999 _c33679
_d33679